Les goûts de cigarette électronique les plus populaires (2023) - Statistiques

Statistiques générales
  • Ce quiz a été pris 131 fois
  • Le résultat moyen est 3 sur 10
Statistiques - réponses
Goûts préférés des consommateurs % Correct
Strawberry Ice
90%
Pastèque
50%
Blue Rapsberry
48%
Cola
31%
Grape
20%
Menthol
5%
Fraise-Banane
3%
Fraise-Kiwi
3%
Gummy Bear
1%
Mangue-Passion
1%
Aucun quiz correspondant
Distribution des résultats
% des personnes avec chaque résultat
Percentile par nombre de réponses
Votre historique - résultats
Vous n’avez pas pris ce quiz